Estatísticas para Como você pode se locomover a curta ou longa distância

Clique aqui para jogar o quiz

Estatísticas Gerais

  • Esse quiz foi jogado 55 vezes
    (51 desde o último reset)
  • A pontuação média é 17 de 34

Estatísticas das Respostas

Meio de Locomoção% Correto
Avião
98%
Bicicleta
98%
Carro
98%
Barco
93%
Navio
87%
Trem
87%
Moto
85%
Patins
80%
Ônibus
76%
Metrô
70%
Skate
67%
Helicóptero
63%
Patinete
63%
Carroça
54%
Cavalo
52%
Caminhando ou Correndo
50%
Asa Delta
41%
Canoa
39%
Lancha
39%
Balão
37%
Jet-ski
37%
Triciclo
37%
Bonde
33%
Balsa
30%
Nadando
30%
Camelo
28%
Táxi
26%
Submarino
24%
Elevador
22%
Nave Espacial
20%
Caiaque
15%
Catamarã
9%
Ultra-Leve
9%
Riquixá
2%

Distribuição das Pontuações

Percentil de Números Respondidos

Porcentagem de Pessoas com Cada Pontuação

Sua Pontuação Histórica

Você não jogou esse quiz desde o último reset